Elements of modern physics
Gespeichert in:
| 1. Verfasser: | |
|---|---|
| Format: | Buch |
| Sprache: | Englisch |
| Veröffentlicht: |
Ane Books
2019
|
| Tags: |
Tag hinzufügen
Keine Tags, Fügen Sie den ersten Tag hinzu!
|
MARC
| LEADER | 00000nam a22000007a 4500 | ||
|---|---|---|---|
| 008 | 210816b ||||| |||| 00| 0 eng d | ||
| 020 | |a 9789384726850 | ||
| 100 | |a PATIL, S .H. | ||
| 245 | |a Elements of modern physics |c S. H. Patil |g xii,32p.:ill. | ||
| 260 | |b Ane Books |c 2019 |h New Delhi |i 696770 |i 696771 |l QC23.P27 |m Modern physics | ||
| 500 | |a It includes index | ||
| 942 | |a lcc |c BK |e Kuteyi, M. A |f 16/8/2021 | ||
| 952 | |0 0 |1 0 |2 lcc |4 0 |6 QC0023 P27 |7 0 |9 3040 |a HOL |b HOL |c QZ |d 2021-08-16 |l 0 |o QC23.P27 |p 2021-66741 |r 2021-08-16 00:00:00 |w 2021-08-16 |y BK | ||
| 952 | |0 0 |1 0 |2 lcc |4 0 |6 QC0023 P27 |7 0 |9 3041 |a HOL |b SL |c QZ |d 2021-08-16 |l 0 |o QC23.P27 |p 2021-66742 |r 2021-08-16 00:00:00 |w 2021-08-16 |y BK | ||
| 999 | |c 1542 |d 1542 | ||